|
|
|
|
| LEADER |
00000nam a2200000 a 4500 |
| 001 |
vtls008631294 |
| 003 |
SK-MaSNL |
| 005 |
20260302014627.0 |
| 008 |
240315s2006 xo c 000 0 slo |
| 015 |
|
|
|a SNBA2007/05-02034
|
| 020 |
|
|
|a 8007014179
|q (brož.)
|
| 035 |
|
|
|a 0B590BC0-AF75-456D-AE31-AC6C9FA4F147
|
| 035 |
|
|
|a urn:nbn:sk:snk-aml1rl
|
| 035 |
|
|
|a urn:nbn:sk:snk-am008ndm
|
| 040 |
|
|
|a SNK
|b slo
|c SNK
|e AACR2
|
| 041 |
0 |
|
|a slo
|
| 044 |
|
|
|a xo
|c SK
|
| 072 |
|
7 |
|a 811.162.4
|x Slovenčina
|2 konspekt
|
| 080 |
|
|
|a 811.162.4
|2 2001
|
| 080 |
|
|
|a 81'35
|2 2001
|
| 080 |
|
|
|a 373/378
|2 2001
|
| 080 |
|
|
|a (035)
|2 2001
|
| 100 |
1 |
|
|a Lampartová, Terézia
|4 aut
|9 302895
|
| 245 |
1 |
0 |
|a Diktáty a pravopisné cvičenia
|b pre žiakov druhého stupňa základných škôl a osemročných gymnázií
|c Terézia Lampartová
|
| 250 |
|
|
|a 1. vyd.
|
| 260 |
|
|
|a Bratislava
|b Príroda
|c 2006
|
| 300 |
|
|
|a 87 s.
|c 20 cm
|
| 650 |
0 |
7 |
|a slovenčina
|2 SNKPH
|9 1350
|
| 650 |
0 |
7 |
|a pravopis
|2 SNKPH
|9 868
|
| 650 |
0 |
7 |
|a základné školy
|2 SNKPH
|9 1280
|
| 655 |
|
7 |
|a príručky
|2 SNKPH
|9 74364
|
| 919 |
|
|
|a 80-07-01417-9
|
| 958 |
|
|
|a OND
|
| 968 |
|
|
|d 81
|
| 999 |
|
|
|c 1017631
|d 1019561
|
| 952 |
|
|
|a SNK
|b SNK
|y PREZ
|7 0
|p 17A0501098
|o snkSC 123023
|i snk2006/5550
|8 0
|0 0
|1 0
|4 0
|d 2006-03-14
|f 1
|l 0
|r 2025-06-04 00:00:00
|w 2026-02-24
|
| 952 |
|
|
|a SNK
|b SNK
|y VYP
|7 0
|p 17A0501097
|o snkSC 123023 D1
|i snk2006/5551
|8 0
|0 0
|1 0
|4 0
|d 2006-03-14
|l 0
|r 2026-02-24 13:13:56
|w 2026-02-24
|